Vztah mezi vývojem peněžní zásoby a vývojem inflací v l. 1993-96. 2

Pokračovanie príspevku z č. 3/97. Dátové a metodologické vymedzenie analýzy, ktorá vychádza z vývoja indexu spotrebiteľských cien a peňažnej zásoby. Výsledky analýzy.

Na minha lista:
Detalhes bibliográficos
Autor principal: Guba, M.
Outros Autores: Arlt, Josef, Stiller, Vladimír
Formato: Capítulo de Livro
Idioma:tcheco
Assuntos:
Tags: Adicionar Tag
Sem tags, seja o primeiro a adicionar uma tag!

MARC

LEADER 00000naa a2200000 4500
001 r025997
005 20230922092320.1
041 0 |a cze 
044 |a CZ 
245 1 0 |a Vztah mezi vývojem peněžní zásoby a vývojem inflací v l. 1993-96. 2  |c M. Guba, Vladimír Stiller, J. Artl 
520 |a Pokračovanie príspevku z č. 3/97. Dátové a metodologické vymedzenie analýzy, ktorá vychádza z vývoja indexu spotrebiteľských cien a peňažnej zásoby. Výsledky analýzy. 
610 2 0 |a zásoba peňažná 
610 2 0 |a inflácia 
610 2 0 |a 1993-1996 
610 2 0 |a Česko 
610 2 0 |a ceny spotrebiteľské 
610 2 0 |a indexy cenové 
610 2 0 |a analýza ekonometrická 
610 2 0 |a analýza korelačná 
610 2 0 |a agregáty menové 
100 1 |a Guba, M. 
700 1 |a Arlt, Josef 
700 1 |a Stiller, Vladimír